[Event "Bremen-ch op"]
[Site "Bremen"]
[Date "2018.03.27"]
[Round "5"]
[White "Kastens, Elmar"]
[Black "Viet, Silas"]
[Result "1/2-1/2"]
[WhiteElo "1930"]
[BlackElo "1478"]
[PlyCount "46"]
[EventDate "2018.03.24"]
[EventType "swiss"]
[EventRounds "9"]
[EventCountry "GER"]
[SourceTitle "EXT 2019"]
[Source "ChessBase"]
[SourceDate "2018.10.10"]
[SourceVersion "1"]
[SourceVersionDate "2018.10.10"]
[SourceQuality "1"]

1. e4 c5 2. Nf3 d6 3. Bb5+ Bd7 4. Bxd7+ Nxd7 5. 0-0 g6 6. Nc3 Ngf6 7. Re1 Bg7 8. d3 0-0 9. h3 Rc8 10. Bf4 Nb8 11. e5 dxe5 12. Nxe5 Nc6 13. Nxc6 Rxc6 14. Qf3 e6 15. Bg5 h6 16. Bh4 g5 17. Bg3 Nd5 18. Nxd5 Qxd5 19. Qxd5 exd5 20. Be5 Re6 21. Bxg7 Kxg7 22. Rxe6 fxe6 23. Re1 Kf6 1/2-1/2

[Event "Bremen-ch op"]
[Site "Bremen"]
[Date "2018.03.25"]
[Round "3"]
[White "Kastens, Elmar"]
[Black "Bart, Simon"]
[Result "0-1"]
[WhiteElo "1930"]
[BlackElo "2062"]
[PlyCount "60"]
[EventDate "2018.03.24"]
[EventType "swiss"]
[EventRounds "9"]
[EventCountry "GER"]
[SourceTitle "EXT 2019"]
[Source "ChessBase"]
[SourceDate "2018.10.10"]
[SourceVersion "1"]
[SourceVersionDate "2018.10.10"]
[SourceQuality "1"]

1. e4 e5 2. Nf3 Nc6 3. d4 exd4 4. c3 d5 5. exd5 Qxd5 6. cxd4 Bf5 7. Nc3 Bb4 8. a3 Bxc3+ 9. bxc3 Nf6 10. Be2 Ne4 11. Bd2 Na5 12. c4 Nxc4 13. Qa4+ b5 14. Bxc4 Qxc4 15. Qxc4 bxc4 16. Ba5 0-0-0 17. Rc1 Rd5 18. Bxc7 Kxc7 19. Rxc4+ Kd6 20. 0-0 Rc8 21. Rfc1 Rxc4 22. Rxc4 Rb5 23. h3 Be6 24. Rc2 Rb1+ 25. Kh2 Ra1 26. Ne5 Bd5 27. f3 Ng5 28. h4 Ne6 29. Nxf7+ Ke7 30. Ne5 Rxa3 0-1

[Event "Bremen-ch op"]
[Site "Bremen"]
[Date "2016.03.20"]
[Round "3"]
[White "Kastens, Elmar"]
[Black "Bergmann, Reinhold"]
[Result "1-0"]
[WhiteElo "1905"]
[BlackElo "1860"]
[PlyCount "61"]
[EventDate "2016.03.19"]
[EventType "swiss"]
[EventRounds "9"]
[EventCountry "GER"]
[SourceTitle "EXT 2018"]
[Source "ChessBase"]
[SourceDate "2017.10.13"]
[SourceVersion "1"]
[SourceVersionDate "2017.10.13"]
[SourceQuality "1"]

1. e4 c5 2. Nf3 Nc6 3. Bb5 Nf6 4. e5 Nd5 5. Nc3 Nxc3 6. dxc3 e6 7. Bf4 Be7 8. Qd2 0-0 9. 0-0 a6 10. Bxc6 bxc6 11. Rad1 a5 12. Rfe1 Ra7 13. Bg5 f6 14. exf6 gxf6 15. Bh6 Rf7 16. Rxe6 d6 17. Ree1 d5 18. c4 Rd7 19. cxd5 cxd5 20. Qf4 Bd6 21. Qh4 Rb7 22. Qh5 Rbd7 23. g3 Bf8 24. Bxf8 Rxf8 25. Nh4 Rd6 26. Nf5 Bxf5 27. Qxf5 Rf7 28. Re2 Qd7 29. Qh5 c4 30. Rde1 Kf8 31. Qh6+ 1-0

[Event "Bremen-ch op"]
[Site "Bremen"]
[Date "2016.03.20"]
[Round "2"]
[White "Wundahl, Juergen"]
[Black "Kastens, Elmar"]
[Result "0-1"]
[WhiteElo "1726"]
[BlackElo "1905"]
[PlyCount "88"]
[EventDate "2016.03.19"]
[EventType "swiss"]
[EventRounds "9"]
[EventCountry "GER"]
[SourceTitle "EXT 2018"]
[Source "ChessBase"]
[SourceDate "2017.10.13"]
[SourceVersion "1"]
[SourceVersionDate "2017.10.13"]
[SourceQuality "1"]

1. c4 Nf6 2. Nc3 e5 3. g3 c6 4. Bg2 d5 5. cxd5 cxd5 6. d4 e4 7. e3 Bb4 8. Bd2 Nc6 9. a3 Bxc3 10. Bxc3 0-0 11. Ne2 Bg4 12. h3 Be6 13. 0-0 Rc8 14. Qd2 Qd6 15. Rac1 g5 16. Rc2 Nd7 17. Rfc1 Nb6 18. Bb4 Nxb4 19. Rxc8 Rxc8 20. Rxc8+ Bxc8 21. Qxb4 Qxb4 22. axb4 Nc4 23. Nc3 Be6 24. b3 Nd2 25. Nb5 a6 26. Nd6 b6 27. Bf1 Nxf1 28. Kxf1 Bxh3+ 29. Ke1 Bd7 30. f3 exf3 31. e4 Be6 32. exd5 Bxd5 33. Nc8 Bxb3 34. Nxb6 Kf8 35. Nd7+ Ke7 36. Ne5 Bd5 37. g4 f5 38. gxf5 h5 39. Nd3 Kf6 40. Nc5 Kxf5 41. Nxa6 Ke4 42. Kf2 g4 43. Nc7 Kxd4 44. Ne8 h4 0-1